000 00813cam a22002893a 4500
001 10429
003 PGUSA
005 20140828083224.0
008 031201s2003||||xxu|||||s|||||000 1 eng d
040 _aPGUSA
_beng
042 _adc
050 4 _aPS
100 1 _aGale, Zona,
_d1874-1938
245 1 0 _aMiss Lulu Bett
_h[electronic resource] /
_cZona Gale
260 _bProject Gutenberg,
_c2003
506 _aPublic domain in the USA.
516 _aElectronic text
653 _aDivorced women -- Fiction
653 _aFeminist fiction
653 _aHousekeepers -- Fiction
653 _aSelf-realization -- Fiction
653 _aSingle women -- Fiction
653 _aMiddle West -- Fiction
830 0 _aProject Gutenberg
_v10429
856 4 0 _uhttp://www.gutenberg.org/ebooks/10429
942 _cEB
999 _c239684
_d239684